Normal view
MARC view
- Thackara John
Entry Personal Name
001 - CONTROL NUMBER
- control field: 216244
003 - CONTROL NUMBER IDENTIFIER
- control field: OSt
005 - DATE AND TIME OF LATEST TRANSACTION
- control field: 20260109095550.0
008 - FIXED-LENGTH DATA ELEMENTS
- fixed length control field: 260109|| aca||aabn | a|a d
040 ## - CATALOGING SOURCE
- Original cataloging agency: OSt
- Transcribing agency: OSt
100 ## - HEADING--PERSONAL NAME
- Personal name: Thackara John
670 ## - SOURCE DATA FOUND
- Source citation: Work cat.: (OSt)369795: Thackara John, In the Bubble : Designing in a Complex World, 2005